01614nam a2200373 a 4500001001000000003000500010005001700015008004100032010001100073011001100084040000900095090001000104100004700114245013000161260004200291500006000333502011100393590004100504590004100545590004100586590004000627590004000667590004000707590004000747650005000787650004800837856007000885901000700955942001000962942000600972999001900978952012400997952011901121000108931CHAP20220329144030.0140320s2013 mx a sm |||||||spa d a105393 a106365 cCHAP aTesis1 aHernández López, Julio César912601610aDiseño de una junta esférica para un manipulador paralelo 2(3-RRPS)h[En línea]cpor Julio César Hernández López. aChapingo, Méx. :bEl autor.,c2013. aPara ver el contenido del material haga clic en la liga aTesis (Ing. Agr. Esp. en Mecánia Agrícola) -- UACH. Departamento de Ingeniería Mecánica Agrícola aBATCH-UPDb05c20140320lUCH01h1334 aBATCH-UPDb05c20140324lUCH01h1537 aBATCH-UPDb05c20141002lUCH01h0858 aE5652GLJb05c20140320lUCH01h1333 aE5652GLJb05c20140320lUCH01h1344 aE5652GLJb05c20141029lUCH01h1229 aE5652GLJb05c20141029lUCH01h123314aAcoplamientos (maquinaria)xDiseño.912602014aMecánicaxAparatos e instrumentos.973811 aFinding aiduhttp://10.13.5.2/tesis/sist108931.pdfzTeclea aquí aBK cTESIS n0 c105393d105393 00102local40718TESISaBCbBCd2014-03-20fTESISl0oTesisp33724002356389r2019-12-31 00:00:00tc.2w2014-03-20yCD 00102local40718TESISaBCbBCd2014-03-20fTESISl0oTesisp33724002356421r2019-12-31 00:00:00w2014-03-20yCD